Monitoreo de los bosques y otras coberturas de la Amazonia colombiana, a escala 1:100.000 : (Registro nro. 7398)

Detalles MARC
000 -CABECERA
Campo de control 00985nam a22002297a 4500
005 - FECHA Y HORA DE LA ULTIMA TRANSACCION
Campo de control 20140820020003.0
008 - ELEMENTOS DE LONGITUD FIJA—INFORMACION GENERAL
Campo de control 130506q2011 ck ao gr 00010 spa d
015 ## - NATIONAL BIBLIOGRAPHY NUMBER
National bibliography number ck-2011-xxxx
020 ## - ISBN
ISBN 9789588317700
041 0# - IDIOMA
Código de idioma para texto/pista de sonido o título separado Español
043 ## - GEOGRAPHIC AREA CODE
Geographic area code s-ck---
082 04 - NUMERO DE CLASIFICACION DECIMAL DEWEY
Número de clasificación 333.75
Número del ítem S65m
245 00 - MENCION DE TITULO
Título Monitoreo de los bosques y otras coberturas de la Amazonia colombiana, a escala 1:100.000 :
Parte restante del título cambios multitemporales en el período 2002 al 2007 /
Mención de responsabilidad Uriel Gonzalo Murcia García ... [et al.].
260 ## - PUBLICACION, DISTRIBUCION, ETC. (PIE DE IMPRENTA)
Lugar de publicación, distribución, etc. Bogotá :
Nombre del editor, distribuidor, etc. Instituto Amazónico de Investigaciones Científicas. Sinchi :
-- Ministerio de Ambiente y Desarrollo Territorial,
Fecha de publicación, distribución, etc. 2011.
300 ## - DESCRIPCION FISICA
Extensión 225 p. :
Otros detalles físicos il. ;
Dimensiones 28 cm.
504 ## - NOTA DE BIBLIOGRAFIA, ETC.
Nota de bibliografía Incluye bibliografía.
650 #4 - ASIENTO SECUNDARIO DE MATERIA - TERMINO TEMATICO
Término temático o nombre geográfico como elemento de entrada Bosques
Subdivisión geográfica Amazonas (Región, Colombia)
Subdivisión general Monitoreo.
650 #4 - ASIENTO SECUNDARIO DE MATERIA - TERMINO TEMATICO
Término temático o nombre geográfico como elemento de entrada Conservación de bosques
Subdivisión geográfica Amazonas (Región, Colombia)
Subdivisión general Monitoreo.
700 1# - ASIENTO SECUNDARIO - NOMBRE PERSONAL
Nombre personal Murcia García, Uriel Gonzalo.
942 ## - ELEMENTOS ADICIONALES (KOHA)
Sistema de clasificación Dewey Decimal Classification
Tipo de ítem CD-ROM
Koha issues (borrowed), all copies 1
949 ## - LOCAL PROCESSING INFORMATION (OCLC)
a
Existencias
Withdrawn status Lost status Sistema de Clasificación Damaged status No para préstamo Colección Inventariado Ubicación Permanente Ubicación actual Fecha de adquisición Fuente de Valor Valor Total Checkouts Número topográfico Inventario / Código de Barras Date last seen Date checked out Ejemplar Price effective from Forma de adquisición Tipo de material
    Dewey Decimal Classification     General Inventariado 2017 Sala Fabio Quevedo Sala Fabio Quevedo 19/07/2013 Instituto 39000.00 1 LB-333.75 S65m 028672 19/08/2014 19/08/2014 Ej. 1 19/07/2013   Libro